000 01212cam a2200481 4500
001 J90884
008 090401t1998 xxu||||| |||| 00| 0 eng d
035 _a(Sirsi) u85352
041 _aeng
050 _a332.6324094
110 _aJones Lang Wootton
_92909
245 _aEuropean property development: key facts and issues for investors. - March 1998
260 _aLondon
_bJones Lang Wootton
_c1998
300 _a88p. ; 30cm.
350 _a0
650 _aAUSTRIA
650 _aBELGIUM
650 _aBENCHMARKING
650 _aCZECH REPUBLIC
650 _aEUROPE
650 _aFRANCE
650 _aGERMANY
650 _aHUNGARY
650 _aINDUSTRIAL PROPERTY
650 _aIRELAND
650 _aITALY
650 _aLUXEMBOURG
650 _aNETHERLANDS
650 _aOFFICES
650 _aPOLAND
650 _aPROPERTY INVESTMENT
650 _aPROPERTY MARKET
650 _aRENTS
650 _aRETAIL PROPERTY
650 _aSHOPPING CENTRES
650 _aSPAIN
650 _aSWEDEN
650 _aUNITED KINGDOM
650 _aYIELDS
690 _aPROPERTY-COMMERCIAL PROPERTY-COMMERCIAL PROPERTY FINANCE AND INVESTMENT
942 _n0
948 _c31/03/1998
999 _c97032
_d97032